Tô Hoài : Truyện ngắn chọn lọc (Tuyển tập)

Na minha lista:
Detalhes bibliográficos
Autor principal: Tô Hoài
Formato: Livro
Idioma:Undetermined
Publicado em: Hà Nội Lao động 2011
Assuntos:
Tags: Adicionar Tag
Sem tags, seja o primeiro a adicionar uma tag!
Thư viện lưu trữ: Trung tâm Học liệu Trường Đại học Cần Thơ
LEADER 00633nam a2200217Ia 4500
001 CTU_136770
008 210402s9999 xx 000 0 und d
020 |c 126000 
082 |a 895.922334 
082 |b T450 
100 |a Tô Hoài 
245 0 |a Tô Hoài : 
245 0 |b Truyện ngắn chọn lọc (Tuyển tập) 
245 0 |c Tô Hoài 
260 |a Hà Nội 
260 |b Lao động 
260 |c 2011 
650 |a Truyện ngắn Việt Nam,Short stories, vietnamese 
650 |y Thế kỷ 20,20th century 
904 |i Hải 
980 |a Trung tâm Học liệu Trường Đại học Cần Thơ